Billie Eilish - WILDFLOWER Lyrics - Statistics

General Stats
  • This quiz has been taken 267 times
  • The average score is 276 of 318
Answer Stats
Answer % Correct
I
99%
I?
99%
a
98%
my
97%
the
97%
time
97%
time)
97%
and
96%
And
96%
her
96%
in
96%
In
96%
of
96%
all
95%
All
95%
(all
95%
back
95%
(back
95%
but
95%
But
95%
do
95%
Do
95%
mind
95%
mind)
95%
mind?
95%
see
95%
She
95%
she
95%
(she
95%
you
95%
You
95%
(you
95%
me
94%
me)
94%
to
94%
was
94%
know
93%
Like
93%
like
93%
(like
93%
should
93%
your
93%
be
92%
be)
92%
Did
92%
don't
91%
girl
91%
go
91%
on
91%
who
91%
cross
90%
cryin'
90%
I'm
90%
it
90%
love
90%
burning
89%
(burning
89%
line?
89%
need
89%
remind
89%
(remind
89%
Things
89%
things
89%
alive
88%
alive)
88%
could
88%
shoulder
88%
that
88%
world
88%
apart
87%
fall
87%
fever
87%
fever)
87%
heart
86%
hold
86%
so
86%
breaks
85%
out
85%
showed
85%
fell
84%
July
84%
put
84%
until
84%
us
84%
behind
83%
made
83%
Only
83%
closer
82%
let
82%
shouldn't
82%
there
82%
different
80%
different)
80%
more
80%
(more
80%
no
80%
wasn't
80%
sign
79%
both
78%
couldn't
78%
from
78%
good
76%
(good
76%
last
76%
last)
76%
better
74%
better)
74%
fast
73%
fast)
73%
Happy
73%
(happy
73%
never
73%
ask
72%
free
72%
free)
72%
life
71%
(life
71%
Well
71%
well
71%
just
70%
moves
70%
'Cause
69%
didn't
69%
hotel
69%
leather
69%
Day
68%
hurt
68%
I'd
68%
(I'd
68%
myself
67%
wonder
67%
every
66%
how
66%
(oh)
66%
Valentine's
66%
mean
65%
Mm
65%
kept
63%
Now
63%
touch
63%
hm
62%
felt
61%
baby
58%
one
58%
eyes?
57%
knows
56%
say
56%
Feels
51%
Wanna
46%
No matching quizzes found
Score Distribution
Percent of People with Each Score
Percentile by Number Answered
Your Score History
You have not taken this quiz